Late Ramesside Letters /
Main Author:
Format: Book
Language: English
Published:
Chicago, Ill. :
The University of Chicago Press,
[1967].
Series:
Studies in Ancient Oriental Civilization ;
33.
SAOC ;
33.
Subjects:
Tags: Add Tag
Call Number: DS57 .C5 v.33
| LEADER | 00939namaa2200289 4500 | ||
|---|---|---|---|
| 001 | 12565 | ||
| 003 | OSt | ||
| 005 | 20260312064828.0 | ||
| 008 | 130303s1967 ilu b 000 0 eng d | ||
| 010 | |a 66022769 | ||
| 040 | |c ARCE Library | ||
| 050 | 4 | |a DS57 .C5 v.33 | |
| 100 | 1 | |a Wente, Edward Frank, |d 1930-, |e author |9 42074 | |
| 245 | 1 | 0 | |a Late Ramesside Letters / |c by Edward F. Wente. |
| 264 | 1 | |a Chicago, Ill. : |b The University of Chicago Press, |c [1967]. | |
| 300 | |a xii, 85 pages ; |c 24 cm. | ||
| 490 | 1 | |a Studies in Ancient Oriental Civilization ; |v 33. | |
| 490 | 1 | |a SAOC ; |v 33. | |
| 504 | |a Bibliographical footnotes. | ||
| 600 | 1 | 0 | |a Černý, Jaroslav, |d 1898-1970. |t Late Ramesside letters. |
| 650 | 0 | |a Egyptian letters. | |
| 650 | 0 | |a Egyptian language |x Papyri |x Facsimiles. | |
| 830 | 0 | |a Studies in Ancient Oriental Civilization ; |v 33. | |
| 830 | 0 | |a SAOC ; |v 33. | |
| 901 | |a reviewed | ||
| 942 | |c BK |2 lcc | ||
| 999 | |c 12780 |d 12780 | ||
